书目信息 |
| 题名: |
形象设计与服装色彩搭配艺术
|
|
| 作者: | 赵炜璐 著 | |
| 分册: | ||
| 出版信息: | 长春 吉林美术出版社 2019 |
|
| 页数: | 306页 | |
| 开本: | 24cm | |
| 丛书名: | ||
| 单 册: | ||
| 中图分类: | B834.3 , TS941.11 | |
| 科图分类: | ||
| 主题词: | 个人--ge ren--形象--设计 , 服装色彩--fu zhuang se cai--设计 | |
| 电子资源: | ||
| ISBN: | 978-7-5575-3608-4 | |
| 000 | 01022nam0 2200277 450 | |
| 001 | 012001009978 | |
| 005 | 20140101175214.0 | |
| 010 | @a978-7-5575-3608-4@dCNY76.00 | |
| 099 | @aCAL 012019030015 | |
| 100 | @a20190308d2019 em y0chiy50 ea | |
| 101 | 0 | @achi |
| 102 | @aCN@b220000 | |
| 105 | @aak a 000yy | |
| 106 | @ar | |
| 200 | 1 | @a形象设计与服装色彩搭配艺术@Axing xiang she ji yu fu zhuang se cai da pei yi shu@f赵炜璐著 |
| 210 | @a长春@c吉林美术出版社@d2019 | |
| 215 | @a306页@c图@d24cm | |
| 320 | @a有书目 (第305-306页) | |
| 330 | @a形象设计与服装色彩搭配艺术, 本书先从形象设计概述入手, 分别介绍了形象设计的内含、表现特点、造型规律、社会功能、发展过程与构成 ; 然后从形象设计与色彩、形象设计与服装的搭配作为切入点, 全面介绍了形象设计与服装色彩的搭配。 | |
| 606 | 0 | @a个人@Age ren@x形象@x设计 |
| 606 | 0 | @a服装色彩@Afu zhuang se cai@x设计 |
| 690 | @aB834.3@v5 | |
| 690 | @aTS941.11@v5 | |
| 701 | 0 | @a赵炜璐@Azhao wei lu@4著 |
| 801 | 0 | @aCN@b上海新华@c20191020 |
| 905 | @b1135166-9@dB834.3@e381@f4 | |
| 形象设计与服装色彩搭配艺术/赵炜璐著.-长春:吉林美术出版社,2019 |
| 306页:图;24cm |
| ISBN 978-7-5575-3608-4:CNY76.00 |
| 形象设计与服装色彩搭配艺术, 本书先从形象设计概述入手, 分别介绍了形象设计的内含、表现特点、造型规律、社会功能、发展过程与构成 ; 然后从形象设计与色彩、形象设计与服装的搭配作为切入点, 全面介绍了形象设计与服装色彩的搭配。 |
| ● |
| 相关链接 |
|
|
|
|
正题名:形象设计与服装色彩搭配艺术
索取号:B834.3/381
 
预约/预借
| 序号 | 登录号 | 条形码 | 馆藏地/架位号 | 状态 | 备注 |
| 1 | 1135166 | 211351669 | 第一样本阅览室/ [索取号:B834.3/381] | 在馆 | |
| 2 | 1135167 | 211351678 | 第一借阅区/ [索取号:B834.3/381] | 在馆 | |
| 3 | 1135168 | 211351687 | 第一借阅区/ [索取号:B834.3/381] | 在馆 | |
| 4 | 1135169 | 211351696 | 第一借阅区/ [索取号:B834.3/381] | 在馆 |